[Event "IPCA Wch-B 13th"]
[Site "Velke Losiny"]
[Date "2013.06.19"]
[Round "2"]
[White "Uogele, Anicetas B"]
[Black "Baleev, Konstantin"]
[Result "1/2-1/2"]
[WhiteElo "2138"]
[BlackElo "2292"]
[PlyCount "22"]
[EventDate "2013.06.18"]
[EventType "swiss"]
[EventRounds "9"]
[EventCountry "CZE"]
[SourceTitle "EXT 2014"]
[Source "ChessBase"]
[SourceDate "2013.11.20"]
[SourceVersion "1"]
[SourceVersionDate "2013.11.20"]
[SourceQuality "1"]

1. c4 c6 2. b3 d5 3. Nf3 Nf6 4. e3 e6 5. Be2 Nbd7 6. d4 a6 7. 0-0 Be7 8. Ba3 Bxa3 9. Nxa3 Qe7 10. Nc2 e5 11. dxe5 Nxe5 1/2-1/2

[Event "UKR Games (Men) 3rd"]
[Site "Evpatoria"]
[Date "2007.05.22"]
[Round "2"]
[White "Kutsykh, Mikle"]
[Black "Baleev, Konstantin"]
[Result "1-0"]
[WhiteElo "2208"]
[BlackElo "2312"]
[PlyCount "87"]
[EventDate "2007.05.21"]
[EventType "team-tourn"]
[EventRounds "7"]
[EventCountry "UKR"]
[SourceTitle "CBM 118 Extra"]
[Source "ChessBase"]
[SourceDate "2007.07.04"]
[SourceVersion "1"]
[SourceVersionDate "2007.07.04"]
[SourceQuality "1"]

1. d4 d5 2. c4 e6 3. Nc3 Nf6 4. cxd5 exd5 5. Bg5 Be7 6. e3 c6 7. Bd3 Nbd7 8. Nge2 0-0 9. 0-0 Re8 10. Qc2 Nf8 11. f3 Nh5 12. Bxe7 Qxe7 13. e4 Be6 14. e5 g6 15. f4 Ng7 16. Ng3 f5 17. Na4 Nd7 18. Rac1 Rec8 19. Ne2 Rab8 20. Nc5 Nxc5 21. dxc5 Bd7 22. Qa4 Ne6 23. b4 b6 24. Qa3 Rc7 25. Qc3 bxc5 26. bxc5 Rcb7 27. Nd4 Nxd4 28. Qxd4 Rb4 29. Qc3 d4 30. Qa3 Be6 31. Rf2 Bd5 32. Re2 Qb7 33. Ba6 Qc7 34. Bd3 Kf7 35. Rf1 Ke6 36. g4 Qg7 37. Qc1 h5 38. a3 R4b7 39. Ba6 Rd7 40. Rb2 Rxb2 41. Qxb2 hxg4 42. Bc8 Qe7 43. Qb7 Qd8 44. Rd1 1-0

[Event "UKR Games (Men) 3rd"]
[Site "Evpatoria"]
[Date "2007.05.22"]
[Round "3"]
[White "Tsimer, Vladislav"]
[Black "Baleev, Konstantin"]
[Result "1/2-1/2"]
[WhiteElo "2325"]
[BlackElo "2312"]
[PlyCount "105"]
[EventDate "2007.05.21"]
[EventType "team-tourn"]
[EventRounds "7"]
[EventCountry "UKR"]
[SourceTitle "CBM 118 Extra"]
[Source "ChessBase"]
[SourceDate "2007.07.04"]
[SourceVersion "1"]
[SourceVersionDate "2007.07.04"]
[SourceQuality "1"]

1. e4 c6 2. d4 d5 3. Nc3 dxe4 4. Nxe4 Nd7 5. Bc4 Ngf6 6. Ng5 e6 7. Qe2 Nb6 8. Bb3 h6 9. N5f3 Qc7 10. Ne5 a5 11. a3 a4 12. Ba2 Bd6 13. Ngf3 0-0 14. Bd2 c5 15. dxc5 Bxc5 16. 0-0-0 Bd7 17. Kb1 Bc6 18. Nxc6 Qxc6 19. Ne5 Qe4 20. Rde1 Qxe2 21. Rxe2 Rfd8 22. f3 Rac8 23. g4 Bd4 24. Bc1 Nfd5 25. h4 Nd7 26. Nxd7 Rxd7 27. g5 hxg5 28. hxg5 g6 29. Re4 Nb6 30. Rxe6 fxe6 31. Bxe6+ Kf8 32. Bxd7 Nxd7 33. Rd1 Bxb2 34. Bxb2 Ke7 35. Rd4 b5 36. Re4+ Kd6 37. f4 Rc4 38. Rxc4 bxc4 39. Kc1 Nb6 40. Kd2 Nd5 41. Be5+ Ke6 42. Ke2 Ne7 43. Kd2 Nd5 44. Ke2 Ne7 45. Kf3 Kd5 46. Ke3 Nc6 47. Bf6 Na7 48. Be7 Nc6 49. Bf8 Nd4 50. c3 Nf5+ 51. Kf3 Nh4+ 52. Kg3 Nf5+ 53. Kf3 1/2-1/2